000 00457nam a22001811 4500
001 bimo0001516831
003 OSt
005 20130712110601.0
008 000401s1972 sp spa
040 _aSpMaBN
_bBMC
_cBMC
082 _a864.56
100 _97
_aUnamuno, Miguel de
_d1864-1936
245 1 0 _aMonodiálogos
_cMiguel de Unamuno
260 0 _aMadrid
_bEspasa-Calpe
_c1972
300 _a213 p.
_c18 cm
490 0 _aAustral
_v1505
942 _2ddc
_cBK
999 _c607
_d607